000 00400nam a2200157Ia 4500
005 20250407104022.0
008 231217s9999 xx 000 0 und d
020 _a9788131501832
082 _a519.5 RIC;1 R
100 _aRice, John A
245 0 _aMathematical statistics and data analysis
250 _a3rd ed.
260 _c2007
_bthomson
_aAustralia
300 _axvi+603+A63
942 _cAA
999 _c191946
_d191946